| 000 | 00760nas a2200241Ia 4500 | ||
|---|---|---|---|
| 001 | R010/67454 | ||
| 003 | IT-RoPAU | ||
| 008 | 151124c99999999xx |||||||||||| ||und|| | ||
| 040 | _aIT-RoPAU | ||
| 040 | _cIT-RoPAU | ||
| 041 | _aITALIANO | ||
| 100 |
_aCalderoni Franco _gCodice Aut. SPICS: 8607 |
||
| 210 | _aCINEMA NUOVO | ||
| 222 | _aCinema Nuovo | ||
| 245 |
_aCINEMA NUOVO, ANNO 10-N.151 (MAGGIO-GIUGNO 1961) _bPseudo Cultura Dei Cineforum (La) |
||
| 250 | _a1a ed. | ||
| 260 |
_aMILANO _bCINEMA NUOVO _c1961 |
||
| 501 |
_bPaulus - SPICS - Società San Paolo EM (non-commercial uses only) _cCopyright2015 |
||
| 300 | _a6 p. [219-224] | ||
| 362 | _aANNO 010, N.151 (MAGGIO-GIUGNO 1961) | ||
| 650 |
_aCINEMA _vPUBBLICAZIONE PERIODICA |
||
| 942 | _cCR | ||
| 999 |
_c127934 _d127934 |
||